| 000 | 00731nam a22001577a 4500 | ||
|---|---|---|---|
| 003 | OSt | ||
| 005 | 20151008163707.0 | ||
| 008 | 151008b xxu||||| |||| 00| 0 eng d | ||
| 040 | _cRUA | ||
| 082 | _aAVM SO 2007 B080 Or.1 | ||
| 100 |
_92396 _aSO, LEAKHENA. |
||
| 245 | _aEffect of using kapok tree leave in concentrate on growing quail at the station of royal university of agriculture, ឥទ្ធិពលនៃការប្រើប្រាស់ស្លឹកគជាចំណីផ្សំលើការលុតលាស់ក្រយត នៅសាកលវិទ្យាល័យភូមិន្ទកសិកម្ម | ||
| 260 |
_aPhnom Penh _bRUA _c2007 |
||
| 300 |
_ax; 42p. _bill. _c29cm. |
||
| 942 |
_2ddc _cAVM |
||
| 999 |
_c2257 _d2257 |
||